000 00636nam a2200229Ia 4500
003 OSt
005 20230525121304.0
008 210423s2012 xx 000 0 und d
020 _a978-93-5023-311-5
040 _cAL
041 _aeng
082 _a658.3124
_223
_bRANS
100 _aRANGNEKAR (Sharu)
_9113745
245 _aSoft skills in management
260 _aMumbai
_bShroff Publishers & Distributors
_c2012
300 _ax,130,7
_bPB
365 _b175
_cINR
650 _aManagement & Auxiliary Services 650
_9113746
650 _aPersonnel Management
_9113747
906 _amanagement ; skills ; Soft
942 _2ddc
_cBK
999 _c167312
_d167312